| 000 | 00676nam a2200217 a 4500 | ||
|---|---|---|---|
| 999 |
_c6299 _d6299 |
||
| 001 | 6299 | ||
| 003 | BD-JhCC | ||
| 005 | 20180121092109.0 | ||
| 008 | 180121s1980 bg |||| ||a| 000 0 ben d | ||
| 035 | _a(BD-JhCC)6299 | ||
| 040 |
_aBD-JhCC _dBD-JhCC |
||
| 041 | _aben | ||
| 082 |
_a630.973 _bJAL 1980 |
||
| 100 | _aজালালাবাদী, আবদুল মতীন | ||
| 245 |
_aইসলাম ও কৃষি / _cআবদুল মতীন জালালাবাদী |
||
| 260 |
_aঢাকা : _bইসলামিক ফাউন্ডেশন, _c1980. |
||
| 300 |
_a69 p. : _c22 cm. |
||
| 650 | _aAgriculture | ||
| 942 |
_2ddc _cBK |
||